| 000 | 00316 a2200109 4500 | ||
|---|---|---|---|
| 020 | _a0070722439 | ||
| 082 | _a625.8 YAN | ||
| 100 | _aYang, Nai C., | ||
| 245 |
_aDesign of functional pavements _c[by] Nai C. Yang. |
||
| 260 |
_aNew York, _bMcGraw-Hill _c[1972] |
||
| 300 |
_ax, 467 p. _billus. _c24 cm. |
||
| 650 |
_aPavements _xDesign and construction. |
||
| 999 |
_c1523 _d1523 |
||